Project finance for the international petroleum industry

Zapisane w:
Opis bibliograficzny
1. autor:  Clews, Robert
Format: Sách
Język:Undetermined
Wydane:  Elsevier Academic Press  2016
Hasła przedmiotowe:
Etykiety: Dodaj etykietę
Nie ma etykietki, Dołącz pierwszą etykiete!
Thư viện lưu trữ: Trung tâm Thư viện - Trường Đại học Công nghiệp TP. Hồ Chí Minh
LEADER 00551nam a2200157Ia 4500
001 UIH_03235
008 231011s9999 xx 000 0 und d
082 |a  382.4282 
100 |a  Clews, Robert 
245 0 |a  Project finance for the international petroleum industry 
245 0 |c  Clews, Robert 
260 |b  Elsevier Academic Press 
260 |c  2016 
650 |a  Petroleum industry and trade; Dầu khí; Thương mại;  
927 |a Sách 
980 |a Trung tâm Thư viện - Trường Đại học Công nghiệp TP. Hồ Chí Minh